Tablice rejestracyjne woj. mazowieckie - Statystyki

Ogólne statystyki
  • Ten quiz został rozwiązany 96 razy
  • Średni wynik to 20 z 56
Statystyki odpowiedzi
% Poprawnych
WR Radom
88%
WP Płock
80%
WO Ostrołęka
69%
WS Siedlce
69%
WI Warszawa Śródmieście
63%
WB Warszawa Bemowo
58%
WH Warszawa Praga Północ
56%
WF Warszawa Praga Południe
56%
WU Warszawa Ochota
49%
WA Warszawa Białołęka
47%
WN Warszawa Ursynów
47%
WE Warszawa Mokotów
46%
WK Warszawa Ursus
46%
WD Warszawa Bielany
44%
WY Warszawa Wola
44%
WOT powiat otwocki
42%
WRA powiat radomski
42%
WJ Warszawa Targówek
42%
WGM powiat grodziski
37%
WGR powiat grójecki
37%
WPL powiat płocki
37%
WPR powiat pruszkowski
37%
WZW powiat zwoleński
36%
WT Warszawa Wawer
36%
WKZ powiat kozienicki
34%
WSI powiat siedlecki
34%
WWL powiat wołomiński
34%
WG powiat garwoliński
32%
WOS powiat ostrołęcki
32%
WPI powiat piaseczyński
32%
WZY powiat żyrardowski
32%
WCI powiat ciechanowski
31%
WL powiat legionowski
31%
WM powiat miński
31%
WND powiat nowodworski
29%
WZ powiat warszawski zachodni
29%
WBR powiat białobrzeski
27%
WLI powiat lipski
27%
WSC powiat sochaczewski
27%
WML powiat mławski
25%
WOR powiat ostrowski
25%
WPU powiat pułtuski
25%
WWY powiat wyszkowski
25%
WZU powiat żuromiński
25%
WPY powiat przysuski
24%
WSZ powiat szydłowiecki
22%
WLS powiat łosicki
20%
WMA powiat makowski
20%
WPN powiat płoński
20%
WGS powiat gostyński
19%
WWE powiat węgrowski
17%
WSK powiat sokołowski
15%
WX Warszawa Wesoła, Żoliborz
12%
WW Warszawa Rembertów, Wilanów, Włochy
10%
WPZ powiat przasnyki
5%
WSE powiat sierpiecki
5%
Nie znaleziono quizów pasujących do podanych kryteriów
Rozkład punktacji
Procent ludzi z każdym wynikiem
Percentyl według liczby udzielonych odpowiedzi
Twoja historia wyników
Nie rozwiązałeś tego quizu